| 000 | 00452nam a22001577a 4500 | ||
|---|---|---|---|
| 003 | macl | ||
| 005 | 20240107164915.0 | ||
| 008 | 240107b |||||||| |||| 00| 0 eng d | ||
| 040 | _cmacl | ||
| 082 | _a891.433/PAT/S | ||
| 100 |
_aपाठक,दिनेश _982218 |
||
| 245 | _aनस्ल | ||
| 260 |
_aजयपुर _bनेशनल पब्लिशिग हाउस _c2013 |
||
| 650 | _aकहानियां | ||
| 942 |
_2ddc _cHIN |
||
| 999 |
_c66619 _d66619 |
||